A manual for writers of term papers, theses, and dissertations / (Record no. 342329)

000 -LEADER
fixed length control field 01499cam a2200349 a 4500
001 - CONTROL NUMBER
control field 3035250
003 - CONTROL NUMBER IDENTIFIER
control field NUST
005 - DATE AND TIME OF LATEST TRANSACTION
control field 20171218124413.0
008 - FIXED-LENGTH DATA ELEMENTS--GENERAL INFORMATION
fixed length control field 951103s1996 iluab b 001 0 eng
010 ## - LIBRARY OF CONGRESS CONTROL NUMBER
LC control number 95043267
020 ## - INTERNATIONAL STANDARD BOOK NUMBER
International Standard Book Number 0226816265 (cloth : alk. paper)
020 ## - INTERNATIONAL STANDARD BOOK NUMBER
International Standard Book Number 0226816273 (paper : alk. paper)
040 ## - CATALOGING SOURCE
Original cataloging agency DLC
Transcribing agency DLC
Modifying agency DLC
050 00 - LIBRARY OF CONGRESS CALL NUMBER
Classification number LB2369
Item number .T8 1996
082 00 - DEWEY DECIMAL CLASSIFICATION NUMBER
Classification number 808.02 TUR
Edition number 20
100 1# - MAIN ENTRY--PERSONAL NAME
Personal name Turabian, Kate L.
9 (RLIN) 7447
245 12 - TITLE STATEMENT
Title A manual for writers of term papers, theses, and dissertations /
Statement of responsibility, etc. Kate L. Turabian.
250 ## - EDITION STATEMENT
Edition statement 6th ed. / rev. by John Grossman and Alice Bennett.
260 ## - PUBLICATION, DISTRIBUTION, ETC.
Place of publication, distribution, etc. Chicago :
Name of publisher, distributor, etc. University of Chicago Press,
Date of publication, distribution, etc. 1996.
300 ## - PHYSICAL DESCRIPTION
Extent ix, 308 p. :
Other physical details ill., 1 map ;
Dimensions 23 cm.
440 #0 - SERIES STATEMENT/ADDED ENTRY--TITLE
Title Chicago guides to writing, editing, and publishing
9 (RLIN) 7448
500 ## - GENERAL NOTE
General note P.B
504 ## - BIBLIOGRAPHY, ETC. NOTE
Bibliography, etc. note Includes bibliographical references (p. 283-286) and index.
650 #0 - SUBJECT ADDED ENTRY--TOPICAL TERM
Topical term or geographic name entry element Dissertations, Academic
General subdivision Handbooks, manuals, etc.
9 (RLIN) 7449
650 #0 - SUBJECT ADDED ENTRY--TOPICAL TERM
Topical term or geographic name entry element Academic writing
General subdivision Handbooks, manuals, etc.
9 (RLIN) 7423
700 1# - ADDED ENTRY--PERSONAL NAME
Personal name Grossman, John,
Dates associated with a name 1924-
9 (RLIN) 7450
700 1# - ADDED ENTRY--PERSONAL NAME
Personal name Bennett, Alice,
Dates associated with a name 1938-
9 (RLIN) 7451
856 42 - ELECTRONIC LOCATION AND ACCESS
Materials specified Publisher description
Uniform Resource Identifier <a href="http://www.loc.gov/catdir/description/uchi051/95043267.html">http://www.loc.gov/catdir/description/uchi051/95043267.html</a>
856 41 - ELECTRONIC LOCATION AND ACCESS
Materials specified Table of contents
Uniform Resource Identifier <a href="http://www.loc.gov/catdir/toc/uchi051/95043267.html">http://www.loc.gov/catdir/toc/uchi051/95043267.html</a>
906 ## - LOCAL DATA ELEMENT F, LDF (RLIN)
a 7
b cbc
c orignew
d 1
e ocip
f 19
g y-gencatlg
942 ## - ADDED ENTRY ELEMENTS (KOHA)
Source of classification or shelving scheme
Koha item type Book
Call number prefix IESE
Holdings
Withdrawn status Lost status Source of classification or shelving scheme Damaged status Not for loan Collection code Permanent Location Current Location Shelving location Date acquired Total Checkouts Full call number Barcode Date last seen Price effective from Koha item type
            Institute of Environmental Science and Engineering (IESE) Institute of Environmental Science and Engineering (IESE) General Stacks 12/18/2017   808.02 TUR IESE-1338 12/18/2017 12/18/2017 Book
            Institute of Environmental Science and Engineering (IESE) Institute of Environmental Science and Engineering (IESE) General Stacks 12/18/2017   808.02 TUR IESE-1339 12/18/2017 12/18/2017 Book
© 2023 Central Library, National University of Sciences and Technology. All Rights Reserved.